| Tag |
First Indicator |
Second Indicator |
Subfields |
| LEADER |
00000cam a2200000 a 4500 |
| 001 |
in00000017314 |
| 005 |
20151007053524.0 |
| 008 |
880224s1988 wlkab b 00110 eng d |
| 010 |
|
|
|a gb 87001962
|
| 015 |
|
|
|a GB87-1962
|
| 020 |
|
|
|a 0708309585 :
|c £15.00
|
| 035 |
|
|
|a (OCoLC)15083292
|
| 035 |
|
|
|9 AAB1946AM
|
| 040 |
|
|
|a UKM
|c UKM
|d TXA
|d UtOrBLW
|
| 043 |
|
|
|a e-uk-wl
|
| 049 |
|
|
|a TXAM
|c [A11489840]
|
| 050 |
1 |
0 |
|a PE1904.C3
|
| 050 |
|
4 |
|a PE1904.C3
|b D52 1988
|
| 082 |
0 |
|
|a 427/.942987
|2 19
|
| 100 |
1 |
|
|a Coupland, Nikolas.
|
| 245 |
1 |
0 |
|a Dialect in use :
|b sociolinguistic variation in Cardiff English /
|c Nikolas Coupland.
|
| 264 |
|
1 |
|a Cardiff :
|b University of Wales Press,
|c 1988.
|
| 300 |
|
|
|a xiv, 175 pages :
|b illustrations, 1 map ;
|c 23 cm.
|
| 336 |
|
|
|a text
|b txt
|2 rdacontent
|
| 337 |
|
|
|a unmediated
|b n
|2 rdamedia
|
| 338 |
|
|
|a volume
|b nc
|2 rdacarrier
|
| 504 |
|
|
|a Bibliography: pages 162-172.
|
| 500 |
|
|
|a Includes index.
|
| 650 |
|
0 |
|a English language
|x Dialects
|z Wales
|z Cardiff (South Glamorgan)
|
| 999 |
|
|
|a MARS
|
| 999 |
f |
f |
|s fa99ca5d-494a-386f-a220-84a2ddf03b93
|i bab47e31-fe98-3c43-bf23-3d122cf9923b
|t 0
|
| 952 |
f |
f |
|p ric
|a Texas A&M University
|b Rellis Campus
|c Joint Library Facility
|s JLF
|d Remote Storage
|t 0
|e PE1904.C3 D52 1988
|h Library of Congress classification
|i unmediated -- volume
|m A14811489840
|
| 998 |
f |
f |
|a PE1904.C3 D52 1988
|t 0
|l Remote Storage
|